000 006120000a22001930004500
999 _c59807
_d59807
001 768714001
003 CO-MdFUSB
005 20170707155416.0
008 170707s1989 ag ||||| |||| 00| 0 spa d
022 _a0122-2996
040 _aCO-MdFUSB
_bspa
_cCO-MdFUSB
_dCO-MdFUSB
041 _aspa
100 1 _aArana, Pedro
_eautor
245 1 0 _aLa salvación de Dios en los barrios pobres
300 _aVolumen 21. Número 33 (1989), Páginas 97-105
_c22 cm.
546 _aTexto en español
773 0 _tBoletín Teológico
_049507
_961471
_gVolumen 21. Número 33 (1989), Páginas 97-105
_qPágina 97
942 _cANA